Transputers in real-time control /

Gespeichert in:
Bibliographische Detailangaben
Hauptverfasser: Irwin, George W. (Verfasst von), Fleming, P.J (Verfasst von)
Format: Buch
Sprache:Englisch
Veröffentlicht: Taunton : Research Stud.Press, 1992
Ausgabe:1.vyd.
Schlagworte:
Tags: Tag hinzufügen
Keine Tags, Fügen Sie das erste Tag hinzu!

MARC

LEADER 00000nam a22000003a 4500
001 stu4922
005 20150617225811.4
008 931206s1992----uk------------------eng-d
020 |a 0-86380-140-4 
040 |a STU  |b slo 
041 0 |a eng 
044 |a uk 
080 |a 681.32.014 
080 |a 519.687 
080 |a 681.51 
080 |a 519.71  |7 stu_us_auth*stu8254 
100 1 |a Irwin, George W.  |4 aut 
245 1 |a Transputers in real-time control /  |c [aut.] Irwin,G.W.; Fleming,P.J 
250 |a 1.vyd. 
260 |a Taunton :  |b Research Stud.Press,  |c 1992 
300 |a 314 s 
650 7 |a počítačové systémy pracujúce v reálnom čase  |2 stusub 
650 7 |a spracovanie v reálnom čase  |2 stusub 
650 7 |a transputery  |2 stusub 
650 7 |a automatizované systémy riadenia  |2 stusub 
650 7 |a ASR  |2 stusub 
700 1 |a Fleming, P.J  |4 aut 
996 |b I4800  |c I*4800  |l II680  |s A  |a 24  |w stu4922_0001